Tuyển tập truyện lịch sử [tiểu thuyết lịch sử]

সংরক্ষণ করুন:
গ্রন্থ-পঞ্জীর বিবরন
প্রধান লেখক: Hoài Anh
বিন্যাস: গ্রন্থ
ভাষা:Undetermined
প্রকাশিত: Hà Nội Văn học 2006
বিষয়গুলি:
ট্যাগগুলো: ট্যাগ যুক্ত করুন
কোনো ট্যাগ নেই, প্রথমজন হিসাবে ট্যাগ করুন!
Thư viện lưu trữ: Trung tâm Học liệu Trường Đại học Cần Thơ
LEADER 00574nam a2200205Ia 4500
001 CTU_118449
008 210402s9999 xx 000 0 und d
020 |c 30000 
082 |a 895.9223081 
082 |b H404/Q14 
100 |a Hoài Anh 
245 0 |a Tuyển tập truyện lịch sử [tiểu thuyết lịch sử] 
245 0 |c Hoài Anh 
260 |a Hà Nội 
260 |b Văn học 
260 |c 2006 
650 |a Historical fiction 
650 |z Vietnamese 
904 |i Hiếu 
980 |a Trung tâm Học liệu Trường Đại học Cần Thơ